000 01762nam0a2200313 4500
001 RU\NLR\bibl\817677
005 20260405180344.0
021 _aRU
_b2005-29135
_91455
035 _a(NLR Aleph) 000806605
090 _a1214752
_c1214752
100 _a20050708d2004 |||y0rusy50 ca
101 0 _arus
102 _aRU
105 _aa |||||||||
200 1 _aОсновы сельскохозяйственного пользования и организации подсобного хозяйства
_eучебное пособие для студентов специальности 260400 Лесное и лесопарковое хозяйство всех форм обучения
_fВ.В. Иванов
_gМ-во образования Рос. Федерации, ГОУ ВПО "Сиб. гос. технол. ун-т"
210 _aКрасноярск
_cСибГТУ
_d2004
215 _a123 с.
_cил.
_d21
320 _aБиблиогр.: с. 123
606 1 _aЛесные хозяйства
_jРуководства, пособия и т.п.
_xСельскохозяйственные подсобные предприятия
_92338461
_3RU\NLR\auth\661397953
606 1 _aЛесные хозяйства
_jУчебные издания для высших учебных заведений
_xСельскохозяйственные подсобные предприятия
_92338461
_3RU\NLR\auth\661397953
686 _aП.я73
700 1 _4070
_8rus
_7ca
_aИванов
_bВ. В.
_cканд. с.-х. наук
_gВиктор Васильевич
_3RU\NLR\auth\7777315
_960243
801 0 _aRU
_bNLR
_c20050708
_grcr
801 1 _aRU
_bNLR
_c20050708
830 _aАвт. по кн.
942 _cBOOK
980 _aNB
980 _aNBR